| 000 | 01218nam a2200265Ia 4500 | ||
|---|---|---|---|
| 999 |
_c36931 _d36931 |
||
| 001 | 2882 | ||
| 003 | GE_BSU | ||
| 005 | 20200127141822.0 | ||
| 008 | 181216s1997|||| |||||||||||||| ||geo|| | ||
| 040 | _cGE_BSU | ||
| 041 | _ageo | ||
| 080 | _a330.1(075.8)+330.342.14+330.52 | ||
| 100 |
_aმაკკონელი, კ. რ. _9426 |
||
| 245 |
_aეკონომიკსი : პრინციპები , პრობლემები და პოლიტიკა _b ოთხ ნაწილად . ნაწ. lV / _cკ.რ მაკკონელი , ს.ლ ბრიუ , მთარგმნ : კ. ღურწკაია , რ. გოგოხია. |
||
| 264 |
_aთბ., _c1997. |
||
| 300 |
_a505 გვ : _c 20 სმ. |
||
| 653 | _aეკონომიკსი | ||
| 653 | _aეროვნული სიმდიდრე | ||
| 653 | _aსაბაზრო ეკონომიკა | ||
| 653 | _aეკონომიკა | ||
| 700 |
_aბრიუ, ს.ლ. _9415 _eავტორი |
||
| 700 |
_aღურწკაია, კ. _eმთარგმნელი _9427 |
||
| 700 |
_aგოგოხია , რ. _eრედაქტორი _9417 |
||
| 942 |
_cBK _2udc |
||